000 00288nam a22001337a 4500
008 171103b xxu||||| |||| 00| 0 eng d
020 _a9780073080154
041 _aeng
080 _28TH
_a339.138
100 _a60
101 _aMAR
245 _aMARKETING
_cKERIN.R.A
942 _2udc
_cBK
999 _c37557
_d37557